Statystyki dla Top 100 Filmów Według Rankingu Filmwebu

Kliknij tutaj aby rozwiązać quiz!

Ogólne statystyki

  • Ten quiz został rozwiązany 2 735 razy
    (880 od ostatniego zresetowania)
  • Średni wynik to 25 z 100

Statystyki odpowiedzi

#Rok produkcjiFilm% Poprawnych
41972Ojciec chrzestny
73%
11994Skazani na Shawshank
72%
31999Zielona mila
65%
61994Forrest Gump
63%
81974Ojciec chrzestny II
57%
111994Pulp Fiction
54%
502001Władca Pierścieni: Drużyna Pierścienia
53%
202010Incepcja
50%
22011Nietykalni
49%
71975Lot nad kukułczym gniazdem
45%
182002Pianista
45%
212012Django
43%
51957Dwunastu gniewnych ludzi
43%
741990Ojciec chrzestny III
43%
172019Joker
42%
492008Mroczny Rycerz
42%
131995Siedem
42%
682014Interstellar
40%
151999Podziemny krąg
40%
101993Lista Schindlera
39%
221991Milczenie owiec
39%
321998Szeregowiec Ryan
39%
92003Władca Pierścieni: Powrót króla
39%
312000Gladiator
37%
142002Władca Pierścieni: Dwie wieże
37%
562009Bękarty wojny
35%
161990Chłopcy z ferajny
35%
231994Król Lew
35%
411980Gwiezdne wojny: Część V - Imperium kontratakuje
31%
842018Spider-Man Uniwersum
31%
751977Gwiezdne wojny: Część IV - Nowa nadzieja
30%
441983Gwiezdne wojny: Część VI - Powrót Jedi
30%
272010Wyspa tajemnic
30%
642019Avengers: Koniec gry
29%
241983Człowiek z blizną
29%
512019Parasite
27%
192001Piękny umysł
27%
391992Zapach kobiety
27%
422018Avengers: Wojna bez granic
26%
262017Coco
26%
291994Leon zawodowiec
25%
821971Mechaniczna pomarańcza
25%
932022Top Gun: Maverick
25%
302018Green Book
24%
121997Życie jest piękne
24%
342008Chłopiec w pasiastej piżamie
23%
431966Dobry, zły i brzydki
23%
711992Wściekłe psy
23%
331995Braveheart - Waleczne Serce
22%
381979Czas Apokalipsy
22%
572006Infiltracja
21%
361997Buntownik z wyboru
20%
252008Gran Torino
20%
402006Prestiż
20%
621960Psychoza
20%
352014Whiplash
20%
451984Dawno temu w Ameryce
19%
521995Gorączka
19%
471995Kasyno
19%
872002Złap mnie, jeśli potrafisz
19%
701997Adwokat diabła
17%
592014Bogowie
17%
611978Łowca jeleni
17%
552004Pamiętnik
16%
541986Pluton
16%
882013Labirynt
15%
372016Przełęcz ocalonych
15%
912000Requiem dla snu
15%
812018Bohemian Rhapsody
14%
951999Przerwana lekcja muzyki
14%
971993Filadelfia
13%
582001Spirited Away: W krainie Bogów
13%
531984Amadeusz
12%
1001969Jak rozpętałem drugą wojnę światową
12%
731987Pełny magazynek
12%
691988Rain Man
12%
652008Siedem dusz
12%
941954Siedmiu samurajów
12%
772016Zwierzogród
12%
922010Jak wytresować smoka
11%
662002Miasto Boga
11%
631990Przebudzenia
11%
462011Służące
11%
281998Więzień nienawiści
11%
482006W pogoni za szczęściem
11%
831973Żądło
11%
602009Mój przyjaciel Hachiko
10%
672000Przekręt
9%
762017Trzy billboardy za Ebbing, Missouri
9%
852001Wróg u bram
9%
781988Cinema Paradiso
8%
981997Księżniczka Mononoke
8%
802017Najlepszy
8%
862004Pan od muzyki
8%
792016Contratiempo. Niewidzialny gość
7%
892019Klaus
7%
721975Monty Python i Święty Graal
7%
961979Żywot Briana
7%
902013Koneser
6%
992007Wszystko za życie
6%

Rozkład punktacji

Percentyl według liczby udzielonych odpowiedzi

Procent ludzi z każdym wynikiem

Twoja historia wyników

Nie rozwiązałeś tego quizu od ostatniego zresetowania